[Event "RUS-chT2"]
[Site "Sochi"]
[Date "2022.05.05"]
[Round "5.3"]
[White "Yeletsky, Ivan"]
[Black "Trushnikov, Sergey"]
[Result "1-0"]
[WhiteElo "2461"]
[BlackElo "2525"]
[PlyCount "35"]
[EventDate "2022.05.01"]
[EventType "team-swiss"]
[EventRounds "9"]
[EventCountry "RUS"]
[SourceTitle "CBM 208 Extra"]
[Source "ChessBase"]
[SourceDate "2022.07.31"]
[SourceVersion "1"]
[SourceVersionDate "2022.07.31"]
[SourceQuality "1"]
[WhiteTeam "Moscow Temus Tim"]
[BlackTeam "Krasnodarsk Armavir"]
[WhiteTeamCountry "RUS"]
[BlackTeamCountry "RUS"]

1. e4 g6 2. d4 Bg7 3. Nc3 d6 4. Be3 a6 5. Nf3 Nc6 6. d5 Ne5 7. Qd2 Nxf3+ 8. gxf3 e6 9. 0-0-0 Qh4 10. Kb1 Bh6 11. e5 dxe5 12. d6 cxd6 13. Qxd6 Qe7 14. Qxe7+ Kxe7 15. Bc5+ Kf6 16. Rd8 g5 17. h4 gxh4 18. Ne4+ 1-0

[Event "Black Sea GP Blitz"]
[Site "Evpatoria"]
[Date "2021.10.30"]
[Round "1"]
[White "Rodionov, Maksim"]
[Black "Trushnikov, Sergey"]
[Result "0-1"]
[WhiteElo "1460"]
[BlackElo "2525"]
[PlyCount "26"]
[EventDate "2021.10.30"]
[EventType "swiss (blitz)"]
[EventRounds "13"]
[EventCountry "UKR"]
[SourceTitle "EXT 2023"]
[Source "ChessBase"]
[SourceDate "2022.10.05"]
[SourceVersion "1"]
[SourceVersionDate "2022.10.05"]
[SourceQuality "1"]

1. d4 g6 2. Nc3 Bg7 3. e4 d6 4. f4 a6 5. Nf3 b5 6. a3 Nd7 7. e5 c5 8. Ne4 cxd4 9. exd6 Ngf6 10. Qxd4 0-0 11. Bd3 Bb7 12. Nxf6+ Nxf6 13. Qb4 Qb6 0-1

[Event "RUS-chT Rapid"]
[Site "Sochi"]
[Date "2021.10.15"]
[Round "4.4"]
[White "Trushnikov, Sergey"]
[Black "Yatchenko, Leonid"]
[Result "1-0"]
[WhiteElo "2525"]
[BlackElo "1821"]
[PlyCount "55"]
[EventDate "2021.10.15"]
[EventType "team-swiss (rapid)"]
[EventRounds "9"]
[EventCountry "RUS"]
[SourceTitle "CBM 204 Extra"]
[Source "ChessBase"]
[SourceDate "2021.11.30"]
[SourceVersion "1"]
[SourceVersionDate "2021.11.30"]
[SourceQuality "1"]
[WhiteTeam "Kalmykiya Uralan"]
[BlackTeam "Krasnodarsk Region"]
[WhiteTeamCountry "RUS"]
[BlackTeamCountry "RUS"]

1. e4 c5 2. g3 Nc6 3. Bg2 g6 4. Ne2 Bg7 5. d3 d6 6. 0-0 e6 7. c3 Nge7 8. d4 0-0 9. Be3 cxd4 10. cxd4 d5 11. e5 h5 12. Nbc3 Nf5 13. Bh3 Nce7 14. Bg5 Qa5 15. Qd2 Bd7 16. f3 Nc6 17. g4 hxg4 18. fxg4 Nfe7 19. Bg2 b5 20. Bf6 Qb6 21. Kh1 a5 22. Rf3 Rfe8 23. Rh3 g5 24. Qxg5 Ng6 25. Qh5 Kf8 26. Qh7 Re7 27. Qxg7+ Ke8 28. Rh8+ 1-0

[Event "RUS-chT Blitz"]
[Site "Sochi"]
[Date "2021.10.14"]
[Round "10.4"]
[White "Savchenko, Boris"]
[Black "Trushnikov, Sergey"]
[Result "1-0"]
[WhiteElo "2535"]
[BlackElo "2525"]
[PlyCount "53"]
[EventDate "2021.10.14"]
[EventType "team-swiss (blitz)"]
[EventRounds "13"]
[EventCountry "RUS"]
[SourceTitle "CBM 204 Extra"]
[Source "ChessBase"]
[SourceDate "2021.11.30"]
[SourceVersion "1"]
[SourceVersionDate "2021.11.30"]
[SourceQuality "1"]
[WhiteTeam "Moscow Gogolevsiy 14"]
[BlackTeam "Kalmykiya Uralan"]
[WhiteTeamCountry "RUS"]
[BlackTeamCountry "RUS"]

1. c4 g6 2. d4 Bg7 3. Nc3 c5 4. d5 Bxc3+ 5. bxc3 f5 6. e4 fxe4 7. f3 d6 8. fxe4 e5 9. Bd3 Qh4+ 10. g3 Qe7 11. a4 Qg7 12. Ra2 h6 13. h3 Nf6 14. g4 Nbd7 15. a5 Kd8 16. Nf3 g5 17. Rf2 Nh7 18. 0-0 Rf8 19. Be3 Ke7 20. Qc1 Ndf6 21. Nxe5 dxe5 22. Bxc5+ Ke8 23. Bxf8 Kxf8 24. c5 Bd7 25. a6 bxa6 26. c6 Be8 27. Qa3+ 1-0

[Event "RUS-ch Rapid"]
[Site "Sochi"]
[Date "2021.10.13"]
[Round "6"]
[White "Gutenev, Alexander"]
[Black "Trushnikov, Sergey"]
[Result "1-0"]
[WhiteElo "2455"]
[BlackElo "2525"]
[PlyCount "165"]
[EventDate "2021.10.12"]
[EventType "swiss (rapid)"]
[EventRounds "11"]
[EventCountry "RUS"]
[SourceTitle "CBM 204 Extra"]
[Source "ChessBase"]
[SourceDate "2021.11.30"]
[SourceVersion "1"]
[SourceVersionDate "2021.11.30"]
[SourceQuality "1"]

1. e4 g6 2. d4 Bg7 3. Nf3 d6 4. Be2 Nc6 5. 0-0 e5 6. dxe5 dxe5 7. Nc3 Qxd1 8. Rxd1 Bg4 9. Nd5 0-0-0 10. c3 Nce7 11. Nxe7+ Nxe7 12. h3 Rxd1+ 13. Bxd1 Bxf3 14. Bxf3 h5 15. Be3 Bh6 16. Bc5 Nc6 17. Be2 Bf8 18. Be3 Bh6 19. Bxh6 Rxh6 20. Bc4 Nd8 21. Rd1 Rh8 22. Kf1 Re8 23. Rd3 Re7 24. Ke2 Ne6 25. Rf3 Nd8 26. h4 Kd7 27. a4 Ke8 28. g3 Rd7 29. a5 Ke7 30. b4 Rd6 31. Bd5 c6 32. Bc4 Ne6 33. Re3 Rd8 34. Ke1 Rd7 35. Re2 Rd8 36. Rb2 a6 37. Ke2 Nc7 38. Rd2 Rxd2+ 39. Kxd2 Ne8 40. Ke3 Nd6 41. Be2 Nb5 42. Kd3 Kf6 43. Bd1 Ke7 44. f4 f6 45. fxe5 fxe5 46. g4 hxg4 47. Bxg4 Nd6 48. c4 Ne8 49. c5 Kd8 50. Ke3 Nf6 51. Be6 Nh5 52. Kf3 Nf4 53. Bc4 Ke7 54. Bf1 Ke6 55. Kg3 Kf6 56. Kg4 Ne6 57. Bh3 Nf4 58. Kg3 Nd3 59. Bc8 Nxb4 60. Bxb7 Ke7 61. Kg4 Kf6 62. Kf3 Ke7 63. Kg4 Kf6 64. Bc8 Kf7 65. Kg5 Nd3 66. Bxa6 Nxc5 67. Bc4+ Kg7 68. a6 Nxe4+ 69. Kg4 Nf6+ 70. Kf3 Nd7 71. a7 Nb6 72. Bd3 Kf6 73. Be4 c5 74. Kg4 c4 75. Kf3 g5 76. h5 Kg7 77. Ke3 g4 78. Kd2 Kh6 79. Kc3 g3 80. Kb4 c3 81. Kxc3 Kxh5 82. Kb4 Kg4 83. Kb5 1-0

[Event "RUS-ch Blitz"]
[Site "Sochi"]
[Date "2021.10.11"]
[Round "7"]
[White "Averin, Nikolay"]
[Black "Trushnikov, Sergey"]
[Result "0-1"]
[WhiteElo "2129"]
[BlackElo "2525"]
[PlyCount "76"]
[EventDate "2021.10.11"]
[EventType "swiss (blitz)"]
[EventRounds "13"]
[EventCountry "RUS"]
[SourceTitle "CBM 204 Extra"]
[Source "ChessBase"]
[SourceDate "2021.11.30"]
[SourceVersion "1"]
[SourceVersionDate "2021.11.30"]
[SourceQuality "1"]

1. e4 g6 2. d4 Bg7 3. f4 c6 4. Nf3 Na6 5. Nc3 Nc7 6. Be3 d5 7. e5 h5 8. Be2 Nh6 9. Qd2 Bg4 10. 0-0-0 Nf5 11. Bf2 Ne6 12. g3 h4 13. Nxh4 Bxe2 14. Nxf5 Bxd1 15. Nxg7+ Nxg7 16. Nxd1 Qd7 17. h4 Qg4 18. Ne3 Qf3 19. Rf1 Nf5 20. Qd1 Qxd1+ 21. Nxd1 Ng7 22. c3 f5 23. Rg1 Kf7 24. Ne3 e6 25. Kd2 b6 26. Nc2 Rhc8 27. b4 a5 28. a3 axb4 29. axb4 Ra2 30. Rb1 Rca8 31. Kc1 Ne8 32. Be1 Nc7 33. Rb2 Rxb2 34. Kxb2 Nb5 35. Bf2 Kg7 36. Bg1 Kh6 37. Ne3 Kh5 38. Kb3 Na3 0-1

[Event "Kerch Panticapaeum Rapid op"]
[Site "Kerch"]
[Date "2021.09.22"]
[Round "6"]
[White "Truskavetsky, Alexandr"]
[Black "Trushnikov, Sergey"]
[Result "1-0"]
[WhiteElo "2371"]
[BlackElo "2525"]
[PlyCount "97"]
[EventDate "2021.09.21"]
[EventType "swiss (rapid)"]
[EventRounds "9"]
[EventCountry "RUS"]
[SourceTitle "CBM 204 Extra"]
[Source "ChessBase"]
[SourceDate "2021.11.30"]
[SourceVersion "1"]
[SourceVersionDate "2021.11.30"]
[SourceQuality "1"]

1. d4 g6 2. Nf3 Bg7 3. g3 e6 4. Bg2 Ne7 5. 0-0 0-0 6. e4 d5 7. e5 c5 8. c3 Nbc6 9. a3 b6 10. b4 Ba6 11. Re1 Bc4 12. Nbd2 cxd4 13. cxd4 b5 14. Nb3 a5 15. bxa5 Bxb3 16. Qxb3 Qxa5 17. Bd2 Qa4 18. Qb2 Rfc8 19. Bf1 Rab8 20. Rab1 Na7 21. Bd3 Nec6 22. Bb4 Nxb4 23. axb4 Nc6 24. Rec1 Bf8 25. Qe2 Qa7 26. Rc5 Bxc5 27. dxc5 Qa3 28. Qd2 Kg7 29. h4 h5 30. Kg2 Rd8 31. Bc2 Qa2 32. Qd3 Qc4 33. Qd2 d4 34. Be4 Ne7 35. Bd3 Qc3 36. Qe2 Nd5 37. Ng5 Ne7 38. Ne4 Qa3 39. Nd6 Qa6 40. Qf3 Nf5 41. Bxf5 exf5 42. Qd5 Qa7 43. Qxd4 Qe7 44. c6 Ra8 45. Rc1 Ra7 46. Qc5 Rc7 47. Nxb5 Qxc5 48. Rxc5 Re7 49. Nd6 1-0

[Event "Kerch Panticapaeum Rapid op"]
[Site "Kerch"]
[Date "2021.09.21"]
[Round "3"]
[White "Baranov, Jury"]
[Black "Trushnikov, Sergey"]
[Result "1/2-1/2"]
[WhiteElo "2147"]
[BlackElo "2525"]
[PlyCount "91"]
[EventDate "2021.09.21"]
[EventType "swiss (rapid)"]
[EventRounds "9"]
[EventCountry "RUS"]
[SourceTitle "CBM 204 Extra"]
[Source "ChessBase"]
[SourceDate "2021.11.30"]
[SourceVersion "1"]
[SourceVersionDate "2021.11.30"]
[SourceQuality "1"]

1. d4 g6 2. e4 Bg7 3. Nf3 d6 4. Bd3 Nf6 5. 0-0 0-0 6. Re1 Nc6 7. h3 Nd7 8. Bf1 e5 9. c3 h6 10. Be3 f5 11. exf5 gxf5 12. dxe5 f4 13. Bc1 Ndxe5 14. Nbd2 Qe8 15. Nxe5 Nxe5 16. Nc4 Qg6 17. Nxe5 Bxe5 18. Bd3 Qg7 19. Qf3 c6 20. Bd2 Bd7 21. b3 Kh8 22. Rac1 Rg8 23. Bc4 Rgf8 24. Bf1 a5 25. c4 a4 26. Bc3 axb3 27. axb3 Rae8 28. Bxe5 Rxe5 29. Rxe5 Qxe5 30. Qc3 Qxc3 31. Rxc3 Kg7 32. Rd3 Rf6 33. Be2 Bf5 34. Rd2 Re6 35. Kf1 Kf6 36. Bd3 h5 37. Bxf5 Kxf5 38. Rd3 h4 39. Rd2 Rg6 40. c5 dxc5 41. Rd7 c4 42. bxc4 b6 43. Rb7 c5 44. Rh7 Kg5 45. Rd7 Kf6 46. Rd5 1/2-1/2